00381nam a2200133Ia 450000500170000000800410001702000130005808200130007110000270008424500590011126000440017030000140021465000190022820240604022240.0240331s9999 xx 000 0 und d a0805505x bBUKa342 aBukurura, Hemed Sufian 0aJudiciary and good governance in contemporary Tanzania a NorwaybChr. Michelsen Institutec1995 av, 70 p., aSocial Science